Регионална библиотека "Любен Каравелов" - Русе

Неизбежният съюз Берлин-Рим-Москва (Запис номер 511074)

MARC детайли
000 -Лидер
Контролно поле с фиксирана дължина 01752nam a2200361 c 4500
003 - Код на организацията, давaща контролен номер
Контролно поле BLK
005 - Дата и час на последна редакция
Контролно поле 20250115135423.0
008 - Елементи от данни с фиксирана дължина
fixed length control field 180408b bul|||||r ||||||| ||bul||
020 ## - Международен стандартен номер на книга ISBN
Международен стандартен номер на книга ISBN 9789543209088
040 ## - Източник на каталожния запис
Идентификатор на билиотеката - собственик на записа BLK
041 ## - Код за език
Код за езика на текст/звукозапис или на отделно заглавие Български
Код за езика КДБФ Български
080 ## - УДК
Текстов определител УДК Авторитарни режими в ново време на основата на политически и националистически движения. Тоталитаризъм. Диктатура на определена политическа партия или група. Вж и 321.74
УДК код - определител по УДК 321.64
УДК - код + определител 321.64(4)
080 ## - УДК
Текстов определител УДК История на Европа
УДК код - определител по УДК 94(4)
УДК - код + определител 94(4)"19"
100 ## - Редна дума - Автор
Автор Ликов, Александър Мицев
R(LIN) 492678
139 ## - Редно поле
Авторски знак Лик - Л 57
245 10 - Сведения за заглавието
Заглавие Неизбежният съюз Берлин-Рим-Москва
Редно поле (дума) Александър Ликов ; прев. Йордан Ликов
257 ## - Страна на издаване
Страна на създаване/издаване България
260 ## - Област на издателските данни
Име на издателя, разпространителя и проч. Рива
Година на издаване 2023
9 (RLIN) 209565
Място на издаване, разпространение и проч. София
Издателство - префикс ISBN 978-954-320- ; 954-8440-
300 ## - Физическа характеристика
Страници 124 с.
Размери/Мащаб 20 см
380 ## - Жанр
Жанр Обществени науки
500 ## - Общи забележки
Забележка Ориг. загл.: L"inevitable alliance Berlin-Rome-Moscou / Gabriel Leslie<br/>Книга пророчество / Тони Николов: с. 9-20<br/>Бележки за автора на книгата / Йордан Ликов: с. 122-124
650 #4 - Допълнително описание по предмет – тема
Основно описание – тема или топоним Европа - външна политика
9 (RLIN) 281678
650 #0 - Допълнително описание по предмет – тема
Основно описание – тема или топоним Европа - история и политика
9 (RLIN) 248933
650 #7 - Допълнително описание по предмет – тема
Основно описание – тема или топоним Диктатура
9 (RLIN) 153424
653 ## - Ключова дума – ненормативна
Ключова дума Европа
700 ## - Други автори (авторска отговорност)
9 (RLIN) 474111
Лично име Ликов, Йордан Чавдаров
852 ## - Местоположение
Форматна сигнатура Цб 322682
856 4# - Електронен адрес и достъп
Електронен формат pdf - файл
856 4# - Електронен адрес и достъп
Електронен формат pdf - файл
942 ## - АРТИКУЛИ
Вид на библиотечния материал Книги
Скрит в OPAC Не
944 ## - СЪЗДАВАНЕ И РЕДАКЦИЯ на ЗАПИСА
Дата на регистрацията/редакция Нора Радева
Служител, извършил регистрацията/редакцията 30553
Статус, дата на статуса Иваничка Йорданова
999 ## - СИСТЕМНИ КОНТРОЛНИ НОМЕРА
Koha biblionumber 511074
Koha biblioitemnumber 511074
999 ## - СИСТЕМНИ КОНТРОЛНИ НОМЕРА
Koha biblioitemnumber 511074
Наличности
Код за отписване Код за изгубен артикул Източник на класификационната схема Код за повреда Коз за рестрикции Код за отдаване Артикулен № Име на библиотеката - собственик Име на библиотеката, в която се намира в момента Статус (Текущо местоположение) Дата на вписване в системата Местоположение - отдел Цена в лева Инвентарен номер Систематично азбучна сигнатура Баркод Цена в евро Служебен тип на артикула
  Не е изгубен Universal Decimal Classification Не е повреден само за читалня ползва се в читалня 943092 Регионална библиотека "Любен Каравелов" Русе Регионална библиотека "Любен Каравелов" Русе Хранилище 2024-05-31 Хранилище 15.00 120000908202 Цб 322682 120000908202 7.67 Книги
  Не е изгубен Universal Decimal Classification Не е повреден   заемане за дома 958302 Регионална библиотека "Любен Каравелов" Русе Регионална библиотека "Любен Каравелов" Русе Заемна - подръчен фонд 2025-01-15 Заемна - подръчен фонд 11.25 120000916883 32/Л 57 А 120000916883 5.75 Книги
  Не е изгубен Universal Decimal Classification Не е повреден   заемане за дома 958303 Регионална библиотека "Любен Каравелов" Русе Регионална библиотека "Любен Каравелов" Русе Заемна - подръчен фонд 2025-01-15 Заемна - подръчен фонд 11.25 120000916884 32/Л 57 А 120000916884 5.75 Книги
Vip Innovations Ltd, Rousse, Bulgaria 2025